Statystyki dla Muzyczne duety, tercety... - Polska

Kliknij tutaj aby rozwiązać quiz!

Ogólne statystyki

  • Ten quiz został rozwiązany 71 razy
  • Średni wynik to 7 z 25

Statystyki odpowiedzi

Tytuł:Wykonawcy:% Poprawnych
DDumka na dwa sercaEdyta Górniak / Mieczysław Szcześniak
79%
RRamię w ramięKayah / Viki Gabor
74%
BBraćDonatan / Cleo / Enej
53%
NNie kłam że kochasz mnieEwelina Flinta / Łukasz Zagrobelny
53%
PPoczątekKrzysztof Zalewski / Dawid Podsiadło / Kortez
48%
TTrudno takKrzysztof Krawczyk / Edyta Bartosiewicz
48%
MMydełko FaMarlena Drozdowska / Marek Kondrat
40%
BBezdrożaSylwia Grzeszczak / Mateusz Ziółko
32%
MMeluzynaMałgorzata Ostrowska / Daria Zawiałow
31%
SSoftVideo / Ania Wyszkoni
31%
KKtoś między namiAnna Jantar / Zbigniew Hołdys
21%
ZZacznij od BachaZbigniew Wodecki / Rafał Brzozowski
21%
NNie zmieniajmy nicEwa Farna / Kuba Molęda
19%
AAnetaSławomir / Vox
18%
SSpragnionyKamil Bednarek / Igor Herbut
18%
GGajMaryla Rodowicz / Marek Grechuta
16%
OOceanPatrycja Markowska / Artur Gadowski
16%
OOn nie kochał nasKrystyna Prońko / Majka Jeżowska
16%
TTyle chciałem ci daćUniverse / Beata Kozidrak
15%
WWiśniaKaśka Sochacka / Kortez
15%
AAch te babyAndrzej Zaucha / Ryszard Rynkowski
13%
JJeszcze się spotkamyMarcin Kindla / Piotr Kupicha
11%
WWymyśliłem ciebieGrzegorz Markowski / Mika Urbaniak
8%
PPrzytul mnie życieKrzysztof Krawczyk / Andrzej Piaseczny
6%
DDymSeweryn Krajewski / Andrzej Piaseczny / Piotr Cugowski
5%

Rozkład punktacji

Percentyl według liczby udzielonych odpowiedzi

Procent ludzi z każdym wynikiem

Twoja historia wyników

Nie rozwiązałeś tego quizu